Malang seorang jaguh

Bibliographic Details
Main Author: Amer Haji Matsom
Format: Book
Published: Petaling Jaya : Hasrat Murni , 2008

MARC

LEADER 00000cam a2200000 7i4500
001 0000066066
005 20160914.0
008 160914
020 |a 9789830603544 
090 0 0 |a Mor   |b Mal 
100 1 |a Amer Haji Matsom 
245 0 0 |a Malang seorang jaguh   |c Amer Haji Matsom 
260 |a Petaling Jaya :   |b Hasrat Murni ,   |c 2008 
999 |a 0001062381   |b Book   |c Children Collection   |e Cawangan Taman Sri Lambak 
999 |a 0001062382   |b Book   |c Children Collection   |e Cawangan Taman Sri Lambak 
999 |a 0001062383   |b Book   |c Children Collection   |e Cawangan Taman Sri Lambak